Normal view MARC view
  • Apreciación del arte

Entry Materia

Number of records used in: 28

001 - NÚMERO DE CONTROL DEL REGISTRO

  • campo de control: 903

003 - IDENTIFICADOR DE NUMERO DE CONTROL

  • campo de control: UPN

005 - FECHA Y HORA DE LA ÚLTIMA TRANSACCIÓN

  • campo de control: 20230418143734.0

008 - DATOS DE LONGITUD FIJA

  • campo de control de longitud fija: nabaccnnaabn|||||||||| b |nc|||||d

035 ## - NÚMERO DE CONTROL DEL SISTEMA

  • Número de control del sistema: UPN10000000903

040 ## - FUENTE DE LA CATALOGACIÓN

  • Lengua de catalogación: SPA
  • Agencia de transcripción: UPN
  • Centro catalogador de origen: MX-MxUPN

046 ## - FECHAS CON CODIFICACIÓN ESPECIAL

  • Fecha final para contenidos agregados: 2023

053 #4 - NÚMERO CLASIFICADOR - BIBLIOTECA DEL CONGRESO (LC)

  • Elemento numérico de la clasificación - Número único o no. inicial del rango: N7440

150 ## - ENCABEZAMIENTO - TEMÁTICO

  • Término de materia o nombre geográfico como elemento inicial: Apreciación del arte

450 ## - VÉASE - MATERIA

  • Encabezamiento temático: Apreciación artística

670 ## - FUENTE EN LA QUE SE LOCALIZARON DATOS

  • Cita de la fuente: A/P

680 ## - NOTA GENERAL CON DESPLIEGUE PÚBLICO

  • Texto explicativo: Conocer, analizar y comprender las obras de arte, como la pintura, la escultura, la fotografía, etc., a fin de comprender la diversidad y complejidad de los procesos creativos implícitos en su elaboración, así como entender los problemas técnicos, temáticos y las configuraciones de éstas

902 ## - CATALOGADOR

  • Catalogador: MEEG/170805